| 000 | 00702nam a2200241Ia 4500 | ||
|---|---|---|---|
| 001 | 3005 | ||
| 003 | GE_BSU | ||
| 008 | 181216s||||||||xx |||||||||||||| ||und|| | ||
| 020 | _a590028168 | ||
| 040 | _cGE_BSU | ||
| 080 | _a330.101(075.8) | ||
| 100 | _a. Гальперин.В.М. С.М. Игнатьев, В.И. Моргунов | ||
| 245 | _aМикроэкономика: | ||
| 245 | _cобщая редакция В. М. Гальперина. | ||
| 250 | _aизд. 2-e в 2-х т. том I | ||
| 260 | _aСПб | ||
| 260 | _bЭкономическая школа | ||
| 260 | _c1997 | ||
| 300 | _a349 с. | ||
| 541 | _h15 л. 60 т. | ||
| 653 | _aМикроэкономика | ||
| 942 | _cBK | ||
| 999 |
_c37051 _d37051 |
||